Quizzes
Events
Quiz Creation
Community
Videos
Private Events
Remove Ads
Sign In
Join for FREE
Feedback
Dark Mode
Quiz Categories
Sports
Geography
Music
Movies
Television
Just For Fun
Miscellaneous
History
Literature
Language
Science
Gaming
Entertainment
Religion
Holiday
For Kids
Quiz Lab
Recent
Popular Today
Quiz Kudos Today
Editor Picks
Curator Picks
Quizzes by...
Day
Popularity
Type
Ratings
Length
Year
Community
Subscriptions
Recent Discussions
Orange Saloon
Badges
Playlists
Quests
Create
Leaderboards
Showdown
Live 5
Trivia Bingo
Activity
Puzzle Library
Sporcle Events
Private Events
Virtual Trivia
Globe League
Become a Host
Pub Owners
SporcleCon
Opinionation
Our Games
Videos
Blog
Mobile Apps
Partnerships
Remove Ads and Go Orange
Feedback
Geography
Country
Landmarks
City
State
Population
World
Capital
Continent
Flags
Europe
Africa
Asia
South America
North America
Oceania
Border
Canada
United Kingdom
Topography
United States
Geography
Country
Landmarks
City
State
Population
World
Capital
Continent
Flags
Europe
Africa
Asia
South America
North America
Oceania
Border
Canada
United Kingdom
Topography
United States
Random Quiz
Search Sporcle
×
Quiz Lab
Quiz Lab
Geography
English
Type in answers that appear in a list
Type in answers that appear in a list
Classic
Best Score? Go Orange.
Highest English counties Stats
Can you name the historic counties of England in order of their highest point?
By
thecheshirecat
8m
39 Questions
349 Plays
349 Plays
349 Plays
Comments
Comments
Give Quiz Kudos
Give Quiz Kudos
-
- Ratings
hide this ad
More Info
Forced Order
Answers have to be entered in order
Answers have to be entered in order
Replay
Link that replays current quiz
Next Quiz
Link to next quiz in quiz playlist
You Got
0%
They Got
Avg Score
36%
Avg Friend Score
Upgrade to see
Score Distribution
Jump to the score distribution portion of the page
Score
0/39
Timer
08:00
0
Plays Today
Greatest height in metres
Historic County
% Correct
978
Cumberland
93.7%
815
Northumberland
70.8%
803
Lancashire
68.8%
788
Yorkshire
67.3%
950
Westmorland
67%
746
County Durham
57.9%
636
Derbyshire
57.3%
621
Devon
54.4%
582
Cheshire
43.8%
540
Shropshire
42.7%
700
Herefordshire
42.1%
420
Cornwall
40.7%
520
Staffordshire
40.4%
103
Norfolk
38.7%
519
Somerset
37.5%
425
Worcestershire
37.5%
128
Suffolk
35.8%
330
Gloucestershire
33.2%
147
Essex
32.7%
146
Cambridgeshire
32.1%
Greatest height in metres
Historic County
% Correct
295
Surrey
28.4%
251
Kent
27.2%
279
Dorset
26.6%
286
Hampshire
26.4%
280
Sussex
25.5%
294
Wiltshire
25.5%
168
Lincolnshire
24.9%
205
Nottinghamshire
24.4%
297
Berkshire
24.1%
80
Huntingdonshire
22.9%
257
Oxfordshire
22.3%
278
Leicestershire
22.1%
153
Middlesex
22.1%
243
Bedfordshire
20.3%
261
Warwickshire
19.8%
225
Northamptonshire
18.9%
267
Buckinghamshire
18.9%
197
Rutland
18.3%
244
Hertfordshire
18.3%
Quiz Playlist
Details
Report
Send in Message
Add To Playlist
More Info:
Can you name the historic counties in order according to their highest point?
Classic:
Type in answers that appear in a list
Forced Order:
Answers have to be entered in order
Quiz Source
Last Updated: Feb 16, 2017
Quiz Scoreboard
CHALLENGE
Sign Up to Join the Scoreboard
Show All
Scores
Hide
Comments
May contain spoilers
Recently Published
College Basketball Coaching Resumes
by pancakes188
Sports
9m
Billboard Blitz: Fleetwood Mac
by CooCooCachoo
Music
15s
Presidents Visiting Landmarks
by Hejman
History
7m
More to Explore
Quiz From the Vault
Featured Blog Post
Where Did the Easter Bunny Come From?
hide this ad
You Might Also Like...
Tags
counties
English
highest
Highest Points
hill
Today's Top Quizzes in Geography
Browse Geography
hide this ad
Today's Top Quizzes in English
Browse English
Top Contributed Quizzes in Geography
1
Countries of the World - No Outlines Minefield
2
Top 25 Cities of France on a map
3
Any capital of a 'B' country per Continent
4
Any capital of a 'C' country per Continent
5
Closest Countries to UK A-Z
6
Any capital of a 'D' country per Continent
7
5-to-1: US Geography No Hints
8
Any capital of an 'E' country per Continent
9
Click the Alabama Counties! (Map)
10
One Thing in Common: United Kingdom
Explore More
Trending Topics
Anime
NBA
Disney
Marvel
Kpop
Crossword
Harry Potter
The Office
Country
Soccer
Pokémon
Song
WWE
NFL
Puzzle
hide this ad
More By:
thecheshirecat
Quiz
Plays
Rating
Category
Featured
Created
Commonest British Railway Network Words
53,624
4.48
Geography
Dec 22, 2010
Most used stations in Northern England 2009
2,451
4.06
Geography
Oct 13, 2010
English towns with more than one station
1,980
4.00
Geography
Oct 13, 2011
Most used Tour de France cols
1,872
4.71
Sports
Sep 7, 2010
English rivers and towns
1,579
3.89
Geography
Nov 1, 2010
Go to Creator's Profile
Score Distribution
Quiz Creator Spotlight
thecheshirecat
Follow
Send a Message
Quizzes Created
-
Created Quiz Play Count
-
More By This Creator
Popular Quizzes Today
1
Find the US States - No Outlines Minefield
2
Find the Countries of Europe - No Outlines Minefield
3
The Countries of the World
4
Find the US States
5
Risky Map Clicking: Biggest States A-Z
6
US States
7
Popular People in 1961
8
Movies - When Are They Set?
More Geography Quizzes
4 to 13 Letter 'V' Places
Published
Trending Quizzes
Risky Map Clicking: Least Populous States A-Z
1-10 Letter G Words
1-10 Letter F Words
Risky Map Clicking: Next State Alphabetically
Risky Map Clicking: Biggest States A-Z
Recently Updated
Leaping Animals
pecheneg
Reality TV Shows (A-Z)
bhenderson79
Rickey Henderson's Hall of Fame Teammates
pecheneg
Champions League XIs: Arsenal
pecheneg
Quick Pick: Celebrities in WWE's Hall of Fame
aduchscher
A-Z Keypad Blitz II
pecheneg
Multiple Oscar Actors
pecheneg
Mystery Phrase Blitz: Oscar 'Best Actors'
pecheneg
F. Scott Fitzgerald Novels
LTH
Pick 3 Villains
ddd62291
Trending Topics
Anime
NBA
Kpop
Harry Potter
Crossword
Marvel
Disney
The Office
Song
Country
Pokémon
WWE
Puzzle
NFL
Soccer
Your Account Isn't Verified!
In order to create a playlist on Sporcle, you need to verify the email address you used during registration. Go to your
Sporcle Settings
to finish the process.
Report this User
Report this user for behavior that violates our
Community Guidelines
.
Details:
Send Report
Go to the Sporcle.com Mobile Site →
Comments